| 000 | 00987nam a2200217 a 4500 | ||
|---|---|---|---|
| 001 | 000015107 | ||
| 005 | 20250207101102.0 | ||
| 008 | 100201s2005 dr a 001 0 spa d | ||
| 040 |
_aDO-SdBNP _bspa _cBNPHU |
||
| 082 |
_a338.542 _bT266c |
||
| 100 | 1 |
_aTejera, Eduardo J _b1947- _910749 |
|
| 245 | 1 | 0 |
_aCrónicas de la crisis económica dominicana : _bartículos, ensayos y conferencias 2001-2004 / _cEduardo J. Tejera. |
| 260 |
_aSanto Domingo : _bLuz de Luna, _c2005. |
||
| 300 |
_a347 p. : _bil. ; _c23 cm. |
||
| 500 | _aIncluye datos biográficos del autor en la solapa de la cubierta | ||
| 590 | _aInventariado,2018/DG | ||
| 650 | 4 |
_aCrisis económica _zRepública Dominicana _y2001-2004 _xEnsayos, conferencias, etc. _934198 |
|
| 651 | 4 |
_aRepública Dominicana _xCondiciones Económicas _y2001-2004 _xEnsayos, Conferencias, Etc. _934199 |
|
| 651 | 4 |
_aRepública Dominicana _xPolítica Económica _y2001-2004 _xEnsayos, Conferencias, Etc. _934200 |
|
| 910 | _aValidado. Control de calidad MFF | ||
| 999 |
_c14679 _d14679 |
||